Κείμενα για την πολιτική και την επικοινωνία

Αποθηκεύτηκε σε:
Λεπτομέρειες βιβλιογραφικής εγγραφής
Κύριος συγγραφέας: Κουσούλης, Λευτέρης
Μορφή: Βιβλίο
Γλώσσα:Greek
Δημοσίευση: Αθήνα : Μεταμεσονύκτιες, 2007.
Θέματα:
Ετικέτες: Προσθήκη ετικέτας
Δεν υπάρχουν, Καταχωρήστε ετικέτα πρώτοι!

MARC

LEADER 00000cam a2200000 i 4500
001 1/60442
008 071025s2007 gr | ||| |||| ||gre||
020 |a 9789607800213 
035 |l 10091837 
040 |a GR-MY-UA  |b gre  |e aacr 
041 0 |a gre 
082 7 |a 320.9495   |2 (22) 
100 1 |a Κουσούλης, Λευτέρης. 
245 1 0 |a Κείμενα για την πολιτική και την επικοινωνία /   |c Λευτέρης Κουσούλης.  
260 |a Αθήνα :   |b Μεταμεσονύκτιες,   |c 2007.  
300 |a 190 σ. ;   |c 24 εκ.  
650 0 0 |a Communication in politics. 
650 0 0 |a Politicians  |z Greece. 
650 0 0 |a Political parties  |z Greece. 
852 |a INST  |b LESVOS  |e 20071025  |h 320.9495 ΚΟΥ  |p 005100037590  |q 005100037590  |t BK  |y 0 
901 |a BIBL1-2007-3 
909 |a Λ  |b 132292 
920 |a ΛΕΓΕΙΝ ΚΑΙ ΠΡΑΤΤΕΙΝ  |y Λέσβος  |z 2007-10 
970 |a ΧΑΤΖΗΜΙΧΑΗΛ  |b ΜΑΡΙΑ  |z 2007/10/24